| 000 | 00569nam a22002057a 4500 | ||
|---|---|---|---|
| 003 | OSt | ||
| 005 | 20220107122832.0 | ||
| 008 | 170805b xxu||||| |||| 00| 0 eng d | ||
| 040 | _cIIITMK | ||
| 082 | _a351 NAT/E | ||
| 100 |
_aNational Informatics Centre _912683 |
||
| 245 |
_aE governance: _bFor citizen empowerment |
||
| 260 |
_aNew Delhi, _bNational Informatics Centre, _c2012. |
||
| 300 | _a191p. | ||
| 650 |
_aE-GOVERNANCE _912684 |
||
| 650 |
_aCITIZEN EMPOWERMENT _912803 |
||
| 650 |
_aCOMPENDIUM _912804 |
||
| 650 |
_aICT COMPENDIUM _913067 |
||
| 942 |
_2ddc _cBK |
||
| 999 |
_c5803 _d5803 |
||